[Event "24th European Women Club Cup 2019"]
[Site "Ulcinj"]
[Date "2019.11.16"]
[Round "7.5"]
[White "Koneru, Humpy"]
[Black "Ushenina, Anna"]
[Result "1-0"]
[WhiteElo "2577"]
[BlackElo "2439"]
[Annotator "ChessBase"]
[PlyCount "81"]
[EventDate "2019.11.10"]
[EventType "team-tourn"]
[EventCountry "MNE"]
[SourceTitle "playchess.com"]
[Source "ChessBase"]
[SourceQuality "1"]
[WhiteTeam "Cercle d`Echecs"]
[BlackTeam "Ugra"]
[TimeControl "40/5400+30:1800+30"]

1. d4 {[%emt 0:00:00]} d5 {[%emt 0:00:09]} 2. c4 {[%emt 0:00:00]} e6 {[%emt 0:00:17]} 3. Nc3 {[%emt 0:00:05]} Be7 {[%emt 0:00:09]} 4. cxd5 {[%emt 0:04:14]} exd5 {[%emt 0:01:24]} 5. Bf4 {[%emt 0:00:09]} Nf6 {[%emt 0:00:07]} 6. e3 {[%emt 0:00:39]} Bf5 {[%emt 0:00:13]} 7. Nge2 {[%emt 0:08:54]} c6 {[%emt 0:00:59]} 8. Ng3 {[%emt 0:04:50]} Bg6 {[%emt 0:01:09]} 9. Bd3 {[%emt 0:03:08]} Nbd7 {[%emt 0:01:42]} 10. O-O {[%emt 0:03:45]} Nb6 {[%emt 0:17:52]} 11. f3 {[%emt 0:10:30]} Nh5 {[%emt 0:05:33]} 12. Nxh5 {[%emt 0:05:06]} Bxh5 {[%emt 0:00:26]} 13. Qc2 {[%emt 0:08:06]} Bg6 {[%emt 0:01:24]} 14. Rad1 {[%emt 0:02:48]} Bxd3 {[%emt 0:30:06]} 15. Qxd3 {[%emt 0:02:28]} O-O {[%emt 0:04:50]} 16. e4 {[%emt 0:00:29]} Qd7 {[%emt 0:05:48]} 17. Rfe1 {[%emt 0:08:31]} Rad8 {[%emt 0:02:04]} 18. Re2 {[%emt 0:07:49]} dxe4 {[%emt 0:03:48]} 19. fxe4 {[%emt 0:00:37]} Qg4 {[%emt 0:00:53]} 20. Qf3 {[%emt 0:08:19]} Qg6 {[%emt 0:02:09]} 21. a4 {[%emt 0:04:44]} Bb4 {[%emt 0:03:48]} 22. Na2 {[%emt 0:03:46]} Bd6 {[%emt 0:01:20]} 23. Bxd6 {[%emt 0:01:39]} Rxd6 {[%emt 0:00:06]} 24. a5 {[%emt 0:00:21]} Na8 {[%emt 0:06:34]} 25. Nc3 {[%emt 0:04:11]} Nc7 {[%emt 0:03:37]} 26. d5 {[%emt 0:00:21]} Rd7 {[%emt 0:01:10]} 27. Red2 {[%emt 0:01:24]} Rfd8 {[%emt 0:01:07]} 28. Qf4 {[%emt 0:01:03]} cxd5 {[%emt 0:00:36]} 29. exd5 {[%emt 0:01:06]} Ne8 {[%emt 0:00:37]} 30. Re2 {[%emt 0:02:04]} Nd6 {[%emt 0:00:46]} 31. Rde1 {[%emt 0:00:03]} h6 {[%emt 0:00:16]} 32. h3 {[%emt 0:00:24]} Rc8 {[%emt 0:00:27]} 33. Re7 {[%emt 0:00:54]} Rxe7 {[%emt 0:03:33]} 34. Rxe7 {[%emt 0:00:02]} Rd8 {[%emt 0:00:13]} 35. Kh2 {[%emt 0:03:15]} Qd3 {[%emt 0:01:35]} 36. Qf2 {[%emt 0:01:03]} a6 {[%emt 0:00:40]} 37. Qb6 {[%emt 0:00:21]} Nf5 {[%emt 0:00:24]} 38. Qxd8+ {[%emt 0:00:05]} Kh7 {[%emt 0:00:01]} 39. Qc7 {[%emt 0:00:54]} Nxe7 {[%emt 0:00:46]} 40. Qxe7 {[%emt 0:00:00]} f5 {[%emt 0:00:00]} 41. d6 {[%emt 0:01:00]} 1-0

[Event "24th European Women Club Cup 2019"]
[Site "Ulcinj"]
[Date "2019.11.16"]
[Round "7.6"]
[White "Pogonina, Natalija"]
[Black "Cramling, Pia"]
[Result "1/2-1/2"]
[WhiteElo "2479"]
[BlackElo "2443"]
[Annotator "ChessBase"]
[PlyCount "131"]
[EventDate "2019.11.10"]
[EventType "team-tourn"]
[EventCountry "MNE"]
[SourceTitle "playchess.com"]
[Source "ChessBase"]
[SourceQuality "1"]
[WhiteTeam "Ugra"]
[BlackTeam "Cercle d`Echecs"]
[TimeControl "40/5400+30:1800+30"]

1. d4 {[%emt 0:00:00]} Nf6 {[%emt 0:00:00]} 2. c4 {[%emt 0:00:00]} e6 {[%emt 0:00:00]} 3. g3 {[%emt 0:00:00]} d5 {[%emt 0:01:08]} 4. Bg2 {[%emt 0:00:00]} dxc4 {[%emt 0:06:26]} 5. Nf3 {[%emt 0:00:00]} Bb4+ {[%emt 0:00:12]} 6. Bd2 {[%emt 0:00:50]} a5 {[%emt 0:00:14]} 7. O-O {[%emt 0:03:29]} O-O {[%emt 0:00:52]} 8. e3 {[%emt 0:02:38]} Nc6 {[%emt 0:21:19]} 9. Qe2 {[%emt 0:01:19]} Bd6 {[%emt 0:04:30]} 10. Bc3 {[%emt 0:02:06]} Qe7 {[%emt 0:04:08]} 11. Nbd2 {[%emt 0:02:41]} Nd5 {[%emt 0:04:29]} 12. Nxc4 {[%emt 0:13:18]} e5 {[%emt 0:03:30]} 13. dxe5 {[%emt 0:12:46]} Nxc3 {[%emt 0:00:06]} 14. bxc3 {[%emt 0:00:04]} Nxe5 {[%emt 0:01:24]} 15. Nxd6 {[%emt 0:02:32]} Nxf3+ {[%emt 0:05:21]} 16. Bxf3 {[%emt 0:01:13]} Qxd6 {[%emt 0:00:04]} 17. Rfd1 {[%emt 0:00:29]} Qf6 {[%emt 0:05:30]} 18. Rab1 {[%emt 0:06:20]} c6 {[%emt 0:02:18]} 19. c4 {[%emt 0:06:34]} a4 {[%emt 0:00:36]} 20. Bg2 {[%emt 0:01:27]} Qe7 {[%emt 0:06:10]} 21. Qb2 {[%emt 0:10:06]} h6 {[%emt 0:03:00]} 22. a3 {[%emt 0:03:16]} Re8 {[%emt 0:00:49]} 23. Rd4 {[%emt 0:04:02]} Bf5 {[%emt 0:04:07]} 24. Rbd1 {[%emt 0:00:16]} Be6 {[%emt 0:00:43]} 25. Bf1 {[%emt 0:03:37]} Qc7 {[%emt 0:12:54]} 26. h4 {[%emt 0:02:15]} Ra5 {[%emt 0:01:00]} 27. Rb1 {[%emt 0:02:57]} Bc8 {[%emt 0:01:10]} 28. Qb6 {[%emt 0:03:30]} Qxb6 {[%emt 0:00:37]} 29. Rxb6 {[%emt 0:00:04]} Kf8 {[%emt 0:00:49]} 30. Bd3 {[%emt 0:00:26]} g5 {[%emt 0:03:51]} 31. Kf1 {[%emt 0:04:08]} Ke7 {[%emt 0:00:49]} 32. Ke2 {[%emt 0:01:49]} Rd8 {[%emt 0:01:10]} 33. hxg5 {[%emt 0:01:42]} hxg5 {[%emt 0:00:05]} 34. Rxd8 {[%emt 0:04:49]} Kxd8 {[%emt 0:00:03]} 35. Rb1 {[%emt 0:00:14]} Kc7 {[%emt 0:00:47]} 36. Kd2 {[%emt 0:00:50]} Be6 {[%emt 0:05:15]} 37. Kc3 {[%emt 0:00:29]} b6 {[%emt 0:00:17]} 38. Rh1 {[%emt 0:00:54]} Ra8 {[%emt 0:00:21]} 39. f4 {[%emt 0:00:00]} gxf4 {[%emt 0:00:12]} 40. gxf4 {[%emt 0:00:00]} Rd8 {[%emt 0:00:00]} 41. Rh6 {[%emt 0:10:21]} Rg8 {[%emt 0:09:29]} 42. Rh7 {[%emt 0:18:25]} Rf8 {[%emt 0:01:33]} 43. e4 {[%emt 0:00:38]} Kd6 {[%emt 0:01:23]} 44. Kd4 {[%emt 0:03:29]} c5+ {[%emt 0:07:11]} 45. Kc3 {[%emt 0:01:05]} f6 {[%emt 0:00:14]} 46. Rb7 {[%emt 0:01:21]} Kc6 {[%emt 0:01:50]} 47. Ra7 {[%emt 0:00:48]} Rh8 {[%emt 0:01:10]} 48. Rg7 {[%emt 0:00:20]} Kd6 {[%emt 0:03:33]} 49. Rg6 {[%emt 0:00:37]} Ke7 {[%emt 0:00:16]} 50. e5 {[%emt 0:00:44]} fxe5 {[%emt 0:00:29]} 51. f5 {[%emt 0:00:17]} Bc8 {[%emt 0:04:22]} 52. Rxb6 {[%emt 0:00:15]} Rh3 {[%emt 0:00:21]} 53. Kd2 {[%emt 0:01:20]} Rh2+ {[%emt 0:00:19]} 54. Ke1 {[%emt 0:01:04]} Rh3 {[%emt 0:00:22]} 55. Ke2 {[%emt 0:00:30]} Rh2+ {[%emt 0:00:19]} 56. Kf1 {[%emt 0:01:41]} Rh4 {[%emt 0:05:46]} 57. Rc6 {[%emt 0:01:39]} Bxf5 {[%emt 0:00:24]} 58. Bxf5 {[%emt 0:00:02]} Rf4+ {[%emt 0:00:04]} 59. Ke2 {[%emt 0:00:02]} Rxf5 {[%emt 0:00:04]} 60. Rxc5 {[%emt 0:00:05]} Kd6 {[%emt 0:00:07]} 61. Ra5 {[%emt 0:00:24]} Rf4 {[%emt 0:00:17]} 62. Rxa4 {[%emt 0:00:29]} Kc5 {[%emt 0:00:07]} 63. Kd3 {[%emt 0:00:10]} e4+ {[%emt 0:01:42]} 64. Ke3 {[%emt 0:00:16]} Rh4 {[%emt 0:00:09]} 65. Rb4 {[%emt 0:01:23]} Rh3+ {[%emt 0:00:13]} 66. Kxe4 1/2-1/2

[Event "24th European Women Club Cup 2019"]
[Site "Ulcinj"]
[Date "2019.11.16"]
[Round "7.7"]
[White "Daulyte-Cornette, Deimante"]
[Black "Girya, Olga"]
[Result "0-1"]
[WhiteElo "2405"]
[BlackElo "2476"]
[Annotator "ChessBase"]
[PlyCount "112"]
[EventDate "2019.11.10"]
[EventType "team-tourn"]
[EventCountry "MNE"]
[SourceTitle "playchess.com"]
[Source "ChessBase"]
[SourceQuality "1"]
[WhiteTeam "Cercle d`Echecs"]
[BlackTeam "Ugra"]
[TimeControl "40/5400+30:1800+30"]

1. e4 {[%emt 0:00:00]} c6 {[%emt 0:00:00]} 2. d4 {[%emt 0:00:00]} d5 {[%emt 0:00:00]} 3. e5 {[%emt 0:00:00]} Bf5 {[%emt 0:00:00]} 4. h4 {[%emt 0:00:11]} h5 {[%emt 0:00:00]} 5. Bd3 {[%emt 0:00:14]} Bxd3 {[%emt 0:00:05]} 6. Qxd3 {[%emt 0:00:08]} Qa5+ {[%emt 0:00:06]} 7. Nd2 {[%emt 0:00:21]} e6 {[%emt 0:00:05]} 8. Ne2 {[%emt 0:00:24]} Ne7 {[%emt 0:01:27]} 9. O-O {[%emt 0:01:02]} Nf5 {[%emt 0:01:21]} 10. Nf3 {[%emt 0:00:33]} Qa6 {[%emt 0:05:32]} 11. Qd1 {[%emt 0:00:22]} Be7 {[%emt 0:07:37]} 12. Bg5 {[%emt 0:00:51]} Bxg5 {[%emt 0:00:57]} 13. Nxg5 {[%emt 0:00:07]} g6 {[%emt 0:22:48]} 14. g3 {[%emt 0:04:27]} Nd7 {[%emt 0:10:00]} 15. b3 {[%emt 0:05:12]} Kf8 {[%emt 0:10:26]} 16. Nf4 {[%emt 0:06:50]} Kg7 {[%emt 0:00:17]} 17. Nfxe6+ {[%emt 0:13:24]} fxe6 {[%emt 0:00:28]} 18. Nxe6+ {[%emt 0:00:05]} Kh7 {[%emt 0:01:51]} 19. Nc7 {[%emt 0:01:27]} Qb6 {[%emt 0:00:09]} 20. Nxa8 {[%emt 0:00:22]} Rxa8 {[%emt 0:06:55]} 21. c3 {[%emt 0:04:53]} Nf8 {[%emt 0:00:18]} 22. Qd3 {[%emt 0:16:53]} Ne6 {[%emt 0:00:23]} 23. b4 {[%emt 0:14:19]} Rf8 {[%emt 0:02:15]} 24. Kh2 {[%emt 0:03:49]} Qd8 {[%emt 0:03:12]} 25. f4 {[%emt 0:02:08]} Rf7 {[%emt 0:01:18]} 26. a4 {[%emt 0:01:55]} Qf8 {[%emt 0:01:17]} 27. Ra2 {[%emt 0:01:51]} Kg7 {[%emt 0:01:53]} 28. Rg2 {[%emt 0:02:54]} Nh6 {[%emt 0:00:42]} 29. Kg1 {[%emt 0:02:08]} Kh7 {[%emt 0:00:57]} 30. Rf3 {[%emt 0:13:51]} Ng4 {[%emt 0:02:19]} 31. Kf1 {[%emt 0:03:13]} Rf5 {[%emt 0:02:49]} 32. Ke2 {[%emt 0:01:07]} a5 {[%emt 0:00:24]} 33. bxa5 {[%emt 0:00:37]} Qa3 {[%emt 0:00:04]} 34. Qb1 {[%emt 0:00:41]} Qxa4 {[%emt 0:01:50]} 35. Qxb7+ {[%emt 0:00:23]} Ng7 {[%emt 0:00:04]} 36. Qb1 {[%emt 0:00:41]} Rf7 {[%emt 0:06:28]} 37. Ke1 {[%emt 0:00:10]} Qxa5 {[%emt 0:00:21]} 38. Ra2 {[%emt 0:00:34]} Qd8 {[%emt 0:00:58]} 39. Rb2 {[%emt 0:00:41]} Qd7 {[%emt 0:01:46]} 40. Kf1 {[%emt 0:00:00]} Nf5 {[%emt 0:00:00]} 41. Kg1 {[%emt 0:05:42]} Qe7 {[%emt 0:06:45]} 42. Ra2 {[%emt 0:10:40]} c5 {[%emt 0:09:48]} 43. Ra8 {[%emt 0:01:52]} cxd4 {[%emt 0:06:34]} 44. Qb8 {[%emt 0:07:01]} Kh6 {[%emt 0:00:06]} 45. cxd4 {[%emt 0:00:54]} Nxd4 {[%emt 0:00:47]} 46. Rfa3 {[%emt 0:01:45]} Ne6 {[%emt 0:03:02]} 47. Qa7 {[%emt 0:03:36]} Qb4 {[%emt 0:03:48]} 48. Rh8+ {[%emt 0:00:33]} Kg7 {[%emt 0:00:01]} 49. Rh7+ {[%emt 0:00:41]} Kxh7 {[%emt 0:00:10]} 50. Qxf7+ {[%emt 0:00:04]} Kh6 {[%emt 0:02:48]} 51. Qa7 {[%emt 0:00:19]} Qe1+ {[%emt 0:01:03]} 52. Kg2 {[%emt 0:00:04]} Qd2+ {[%emt 0:00:21]} 53. Kf1 {[%emt 0:01:24]} Nd4 {[%emt 0:01:03]} 54. Ra2 {[%emt 0:00:29]} Ne3+ {[%emt 0:00:22]} 55. Kg1 {[%emt 0:00:05]} Qe1+ {[%emt 0:00:21]} 56. Kh2 {[%emt 0:00:08]} Nf3+ {[%emt 0:00:06]} 0-1

[Event "24th European Women Club Cup 2019"]
[Site "Ulcinj"]
[Date "2019.11.16"]
[Round "7.8"]
[White "Guseva, Marina"]
[Black "Skripchenko, Almira"]
[Result "0-1"]
[WhiteElo "2366"]
[BlackElo "2403"]
[Annotator "NA"]
[PlyCount "136"]
[EventDate "2019.11.10"]
[EventType "team-tourn"]
[EventCountry "MNE"]
[SourceTitle "playchess.com"]
[Source "ChessBase"]
[SourceQuality "1"]
[WhiteTeam "Ugra"]
[BlackTeam "Cercle d`Echecs"]
[TimeControl "40/5400+30:1800+30"]

1. d4 {[%emt 0:00:00]} e6 {[%emt 0:00:00]} 2. c4 {[%emt 0:00:00]} Bb4+ {[%emt 0:00:00]} 3. Bd2 {[%emt 0:00:00]} a5 {[%emt 0:00:39]} 4. Nf3 {[%emt 0:00:00]} d6 {[%emt 0:01:25]} 5. g3 {[%emt 0:00:00]} Nc6 {[%emt 0:01:00]} 6. Bg2 {[%emt 0:00:14]} e5 {[%emt 0:00:46]} 7. d5 $11 {[%emt 0:07:20]} Nb8 {[%emt 0:08:30]} 8. Nc3 {[%emt 0:02:06]} f5 {[%emt 0:03:40]} 9. a3 {[%emt 0:03:24]} Bxc3 {[%emt 0:02:52]} 10. Bxc3 {[%emt 0:00:04]} a4 {[%emt 0:00:06]} 11. c5 {[%emt 0:00:07]} Nf6 {[%emt 0:01:31]} 12. cxd6 {[%emt 0:00:24]} cxd6 {[%emt 0:00:06]} 13. Bb4 {[%emt 0:10:00]} Na6 {[%emt 0:15:49]} 14. Qxa4+ {[%emt 0:12:35]} Bd7 {[%emt 0:00:33]} 15. Qb3 {[%emt 0:00:05]} Qb6 {[%emt 0:00:06]} 16. O-O {[%emt 0:00:39]} Ne4 {[%emt 0:04:36]} 17. e3 {[%emt 0:06:58]} Nxb4 {[%emt 0:08:28]} 18. Qxb4 {[%emt 0:17:04]} Qxb4 {[%emt 0:00:19]} 19. axb4 {[%emt 0:00:02]} Ke7 {[%emt 0:00:11]} 20. Rfc1 {[%emt 0:04:43]} Rhc8 {[%emt 0:02:50]} 21. Ne1 {[%emt 0:09:11]} Nf6 {[%emt 0:16:28]} 22. Rd1 {[%emt 0:02:11]} Rxa1 {[%emt 0:02:27]} 23. Rxa1 {[%emt 0:00:04]} Rc4 {[%emt 0:00:05]} 24. Rd1 {[%emt 0:13:42]} Rxb4 {[%emt 0:02:32]} 25. Rd2 {[%emt 0:00:03]} e4 {[%emt 0:02:18]} 26. f3 {[%emt 0:00:39]} Ba4 {[%emt 0:02:31]} 27. fxe4 {[%emt 0:04:50]} fxe4 {[%emt 0:00:15]} 28. Bh3 {[%emt 0:00:14]} Bd7 {[%emt 0:01:28]} 29. Bf1 {[%emt 0:00:27]} g5 {[%emt 0:01:57]} 30. h4 {[%emt 0:01:58]} h6 {[%emt 0:00:04]} 31. hxg5 {[%emt 0:00:03]} hxg5 {[%emt 0:00:05]} 32. Be2 {[%emt 0:01:36]} Be8 {[%emt 0:00:28]} 33. Kf2 {[%emt 0:00:42]} Bf7 {[%emt 0:00:16]} 34. Bd1 {[%emt 0:00:33]} Bxd5 {[%emt 0:00:25]} 35. b3 {[%emt 0:00:39]} Be6 {[%emt 0:05:15]} 36. Rd4 {[%emt 0:00:50]} Rb5 {[%emt 0:00:23]} 37. b4 {[%emt 0:00:21]} Rf5+ {[%emt 0:05:00]} 38. Kg2 {[%emt 0:01:10]} Rd5 {[%emt 0:01:57]} 39. Nc2 {[%emt 0:01:47]} Rxd4 {[%emt 0:00:27]} 40. Nxd4 {[%emt 0:00:00]} Nd5 {[%emt 0:00:00]} 41. Nc2 {[%emt 0:00:07]} Bd7 {[%emt 0:03:52]} 42. Be2 {[%emt 0:00:03]} Ba4 {[%emt 0:00:11]} 43. Bc4 {[%emt 0:00:04]} Nc3 {[%emt 0:08:40]} 44. Nd4 {[%emt 0:00:40]} d5 {[%emt 0:03:35]} 45. Be2 {[%emt 0:00:34]} Na2 {[%emt 0:04:52]} 46. b5 {[%emt 0:00:03]} Nc3 {[%emt 0:00:07]} 47. Kf2 {[%emt 0:00:03]} Kd6 {[%emt 0:01:43]} 48. Bf1 {[%emt 0:05:53]} g4 {[%emt 0:07:12]} 49. Ke1 {[%emt 0:00:04]} Kc5 {[%emt 0:00:20]} 50. Kd2 {[%emt 0:00:05]} Nb1+ {[%emt 0:07:31]} 51. Kc1 {[%emt 0:00:10]} Na3 {[%emt 0:00:11]} 52. Kd2 {[%emt 0:00:36]} Bxb5 {[%emt 0:02:17]} 53. Nxb5 {[%emt 0:00:05]} Nxb5 {[%emt 0:00:07]} 54. Be2 {[%emt 0:00:03]} Nd6 {[%emt 0:00:41]} 55. Bxg4 {[%emt 0:00:05]} Nc4+ {[%emt 0:00:15]} 56. Ke2 {[%emt 0:00:03]} b5 {[%emt 0:00:07]} 57. Bd7 {[%emt 0:00:10]} Ne5 {[%emt 0:01:56]} 58. Be6 {[%emt 0:00:54]} b4 {[%emt 0:00:35]} 59. g4 {[%emt 0:00:18]} Kd6 {[%emt 0:03:29]} 60. Bc8 {[%emt 0:00:05]} Nc4 {[%emt 0:01:43]} 61. g5 {[%emt 0:00:38]} b3 {[%emt 0:00:57]} 62. Kd1 {[%emt 0:00:03]} Nxe3+ {[%emt 0:00:07]} 63. Kc1 {[%emt 0:00:02]} Nc4 {[%emt 0:01:59]} 64. g6 {[%emt 0:00:04]} e3 {[%emt 0:00:26]} 65. Bg4 {[%emt 0:00:29]} Ke7 {[%emt 0:00:20]} 66. Kd1 {[%emt 0:00:33]} Kf6 {[%emt 0:00:13]} 67. Bh5 {[%emt 0:00:32]} d4 {[%emt 0:00:56]} 68. Be2 {[%emt 0:00:15]} d3 {[%emt 0:00:35]} 0-1

[Event "24th European Women Club Cup 2019"]
[Site "Ulcinj"]
[Date "2019.11.16"]
[Round "7.9"]
[White "Muzychuk, Mariya"]
[Black "Khademalsharieh, Sarasadat"]
[Result "1-0"]
[WhiteElo "2552"]
[BlackElo "2491"]
[Annotator "ChessBase"]
[PlyCount "57"]
[EventDate "2019.11.10"]
[EventType "team-tourn"]
[EventCountry "MNE"]
[SourceTitle "playchess.com"]
[Source "ChessBase"]
[SourceQuality "1"]
[WhiteTeam "Kyiv"]
[BlackTeam "Pentole Agnelli"]
[TimeControl "40/5400+30:1800+30"]

1. c4 {[%emt 0:00:00]} b6 {[%emt 0:00:00]} 2. Nc3 {[%emt 0:00:00]} Bb7 {[%emt 0:00:00]} 3. d4 {[%emt 0:00:05]} e6 {[%emt 0:00:13]} 4. a3 {[%emt 0:00:21]} d5 {[%emt 0:04:31]} 5. cxd5 {[%emt 0:01:11]} exd5 {[%emt 0:00:05]} 6. Nf3 {[%emt 0:00:56]} Nf6 {[%emt 0:00:08]} 7. Bf4 {[%emt 0:02:00]} Bd6 {[%emt 0:02:44]} 8. Ne5 {[%emt 0:05:52]} O-O {[%emt 0:09:54]} 9. e3 {[%emt 0:07:17]} a6 {[%emt 0:03:01]} 10. Bd3 {[%emt 0:01:49]} Nbd7 {[%emt 0:04:04]} 11. Qf3 {[%emt 0:13:46]} Re8 {[%emt 0:08:07]} 12. Qg3 {[%emt 0:01:20]} Qe7 {[%emt 0:05:37]} 13. Nxd7 {[%emt 0:03:02]} Bxf4 {[%emt 0:04:25]} 14. Qxf4 {[%emt 0:00:36]} Qxd7 {[%emt 0:00:04]} 15. Rc1 {[%emt 0:00:43]} Re7 {[%emt 0:07:47]} 16. O-O {[%emt 0:01:22]} Rd8 {[%emt 0:02:27]} 17. Rc2 {[%emt 0:00:40]} Qe8 {[%emt 0:11:05]} 18. Ne2 {[%emt 0:03:24]} c6 {[%emt 0:05:17]} 19. Ng3 {[%emt 0:01:05]} Ne4 {[%emt 0:03:32]} 20. Nf5 {[%emt 0:04:50]} Red7 {[%emt 0:00:08]} 21. h4 {[%emt 0:01:30]} Nd6 {[%emt 0:01:44]} 22. h5 {[%emt 0:05:57]} Nxf5 {[%emt 0:00:11]} 23. Qxf5 {[%emt 0:00:13]} g6 {[%emt 0:00:06]} 24. Qh3 {[%emt 0:00:24]} Rd6 {[%emt 0:02:03]} 25. f4 {[%emt 0:02:47]} Qe7 {[%emt 0:03:25]} 26. hxg6 {[%emt 0:07:35]} fxg6 {[%emt 0:02:47]} 27. f5 {[%emt 0:00:13]} Rf8 {[%emt 0:00:17]} 28. Rcf2 {[%emt 0:01:11]} Bc8 {[%emt 0:11:14]} 29. fxg6 {[%emt 0:02:50]} 1-0

[Event "24th European Women Club Cup 2019"]
[Site "Ulcinj"]
[Date "2019.11.16"]
[Round "7.10"]
[White "Paehtz, Elisabeth"]
[Black "Muzychuk, Anna"]
[Result "1/2-1/2"]
[WhiteElo "2484"]
[BlackElo "2543"]
[Annotator "ChessBase"]
[PlyCount "108"]
[EventDate "2019.11.10"]
[EventType "team-tourn"]
[EventCountry "MNE"]
[SourceTitle "playchess.com"]
[Source "ChessBase"]
[SourceQuality "1"]
[WhiteTeam "Pentole Agnelli"]
[BlackTeam "Kyiv"]
[TimeControl "40/5400+30:1800+30"]

1. d4 {[%emt 0:00:00]} Nf6 {[%emt 0:00:00]} 2. Nf3 {[%emt 0:00:00]} g6 {[%emt 0:00:00]} 3. Bg5 {[%emt 0:00:00]} Bg7 {[%emt 0:00:10]} 4. Nbd2 {[%emt 0:00:00]} d5 {[%emt 0:00:58]} 5. e3 {[%emt 0:00:00]} O-O {[%emt 0:00:33]} 6. c3 {[%emt 0:00:01]} Nbd7 {[%emt 0:01:45]} 7. Be2 {[%emt 0:00:06]} Re8 {[%emt 0:01:07]} 8. O-O {[%emt 0:00:07]} e5 {[%emt 0:02:43]} 9. h3 {[%emt 0:00:04]} c6 {[%emt 0:04:55]} 10. Bh4 {[%emt 0:03:58]} Qb6 {[%emt 0:11:18]} 11. Qc2 {[%emt 0:03:18]} c5 {[%emt 0:03:35]} 12. Rac1 {[%emt 0:02:32]} Qc6 {[%emt 0:07:56]} 13. a4 {[%emt 0:21:45]} a6 {[%emt 0:00:48]} 14. a5 {[%emt 0:00:18]} Ne4 {[%emt 0:06:24]} 15. c4 {[%emt 0:07:35]} Nxd2 {[%emt 0:09:58]} 16. Nxd2 {[%emt 0:08:53]} cxd4 {[%emt 0:09:26]} 17. cxd5 {[%emt 0:03:16]} Qxd5 {[%emt 0:02:43]} 18. Ne4 {[%emt 0:05:33]} Nf8 {[%emt 0:03:36]} 19. Bc4 {[%emt 0:01:26]} Qd7 {[%emt 0:04:18]} 20. exd4 {[%emt 0:04:57]} exd4 {[%emt 0:01:21]} 21. Rfe1 {[%emt 0:07:58]} Ne6 {[%emt 0:04:35]} 22. Nf6+ {[%emt 0:00:21]} Bxf6 {[%emt 0:00:05]} 23. Bxf6 {[%emt 0:00:05]} Qd6 {[%emt 0:01:08]} 24. Qd2 {[%emt 0:01:30]} Bd7 {[%emt 0:01:01]} 25. Be5 {[%emt 0:03:15]} Qf8 {[%emt 0:03:26]} 26. Bd5 {[%emt 0:02:14]} Rac8 {[%emt 0:00:29]} 27. Rxc8 {[%emt 0:02:01]} Bxc8 {[%emt 0:00:18]} 28. Bxe6 {[%emt 0:01:23]} Rxe6 {[%emt 0:02:57]} 29. Bxd4 {[%emt 0:00:06]} Rxe1+ {[%emt 0:04:08]} 30. Qxe1 {[%emt 0:00:04]} Qd8 {[%emt 0:02:14]} 31. Qc3 {[%emt 0:00:31]} Be6 {[%emt 0:01:44]} 32. Bh8 {[%emt 0:01:40]} Qd1+ {[%emt 0:03:51]} 33. Kh2 {[%emt 0:00:00]} Qd6+ {[%emt 0:00:04]} 34. Be5 {[%emt 0:00:17]} Qd5 {[%emt 0:03:41]} 35. f4 {[%emt 0:02:06]} Kf8 {[%emt 0:02:18]} 36. Bf6 {[%emt 0:00:50]} Qd6 {[%emt 0:01:31]} 37. Bg5 {[%emt 0:01:13]} Ke8 {[%emt 0:00:40]} 38. Qh8+ {[%emt 0:00:07]} Kd7 {[%emt 0:00:40]} 39. Qd8+ {[%emt 0:00:06]} Kc6 {[%emt 0:00:02]} 40. Qb6+ {[%emt 0:00:00]} Kd5 {[%emt 0:00:00]} 41. Qxb7+ {[%emt 0:00:41]} Qc6 {[%emt 0:01:32]} 42. Qb8 {[%emt 0:05:00]} Qd6 {[%emt 0:05:14]} 43. Qh8 {[%emt 0:04:13]} Kc6 {[%emt 0:09:49]} 44. Qxh7 {[%emt 0:08:21]} Qd2 {[%emt 0:00:46]} 45. Qh8 {[%emt 0:03:33]} Bd5 {[%emt 0:05:54]} 46. Qc3+ {[%emt 0:07:18]} Qxc3 {[%emt 0:00:04]} 47. bxc3 {[%emt 0:00:03]} Kb5 {[%emt 0:00:10]} 48. Bd8 {[%emt 0:06:09]} Kc4 {[%emt 0:00:06]} 49. g4 {[%emt 0:00:56]} Kxc3 {[%emt 0:01:05]} 50. Kg3 {[%emt 0:01:01]} f5 {[%emt 0:05:35]} 51. h4 {[%emt 0:08:54]} fxg4 {[%emt 0:01:26]} 52. Kxg4 {[%emt 0:00:07]} Be4 {[%emt 0:00:51]} 53. Kg5 {[%emt 0:00:07]} Kc4 {[%emt 0:00:22]} 54. Kf6 {[%emt 0:01:44]} Kd5 {[%emt 0:00:16] Ke6+} 1/2-1/2